000 00739cab a2200229 4500
001 ABS37255
008 090401t1986 xxu||||| |||| 00| 0 eng d
035 _a(Sirsi) u3277
041 _aeng
100 _aChambers, M.
245 _aPaying for local government
260 _c1986
350 _a0
490 _aChartered Surveyor Weekly
_v17(9) 27 November 1986 927 (1)
520 _aA summary of the RICS view on rating reform in response to the Government`s green paper Paying for Local Government . Published as Memorandum GCPPA Report 86(18) 31 October 1986.
650 _aBUSINESS RATES
650 _aCAPITAL VALUE RATING
650 _aDOMESTIC RATES
690 _aRATING AND VALUATION
942 _n0
948 _c04/03/1997
999 _c2003
_d2003